000 01806nam a22002417a 4500
005 20250731125853.0
006 a|||||r|||||||||||
008 s2001 a 001 0deng
020 _a0201703904
040 _aGR-AtMCL
_dGR-AtMCL
_bgre
_eAACR2
100 1 _aSavitch, Walter J.
_91579
245 1 0 _aProblem solving with C++ :
_bthe object of programming /
_cWalter Savitch.
250 _a3rd ed.
260 _aReading, MA :
_bAddison Wesley Longman,
_cc2001.
300 _axxv, 974 p. :
_bill. ;
_ccm.
336 _atext
_btxt
_2rdacontent
504 _aIncludes bibliographical references (p. 937-940) and index.
520 _aEnables readers to efficiently master the fundamentals of C++ and object-oriented programming, while imparting skills that are valuable with virtually any contemporary programming language. Writing in a friendly, highly motivational style, Walter Savitch begins with an overview of programming and problem-solving, then walks through all the fundamentals of C++ development. Coverage includes: variables, assignments, I/O, data types, expressions, flow control, functions, arrays, strings, vectors, pointers, and recursion, along with complete chapters on inheritance, exception handling, and templates. From start to finish, Savitch presents C++ examples in the context of complete, executable programs that are available for download. This edition fully embraces the latest ANSI/ISO standards, features an all-new chapter on the STL, and includes expanded coverage of namespaces. Improvements also include: access to Addison-Wesley's exclusive online CodeMate program competency builder; an all-new, full-color design, and many new exercises.
650 0 _aC (Computer program language)
_99886
650 0 _aComputing
_99851
942 _cBK
999 _c9840
_d9840